L'irato ou l'emporté (Record no. 169909)

MARC details
000 -LEADER
campo de control de longitud fija 00637nam a22001695i 4500
001 - NÚMERO DE CONTROL
campo de control 169909
003 - IDENTIFICADOR DE NÚMERO DE CONTROL
campo de control ES-MaACL
005 - FECHA Y HORA DE LA ÚLTIMA TRANSACCIÓN
campo de control 20230906214233.0
008 - DATOS DE LONGITUD FIJA--INFORMACIÓN GENERAL
campo de control de longitud fija 081217s1900 fr |||| | fre d
100 1# - ENTRADA PRINCIPAL--NOMBRE DE PERSONA
Nombre de persona Marsollier des Vivetières, Benoît-Joseph.
9 (RLIN) 138998
245 12 - MENCIÓN DEL TÍTULO
Título L'irato ou l'emporté
Resto del título : opéra bouffon en un acte /
Mención de responsabilidad, etc. paroles de B.-J. Marsollier ; musique de Méhul.
260 ## - PUBLICACIÓN, DISTRIBUCIÓN, ETC.
Lugar de publicación, distribución, etc. Paris :
Nombre del editor, distribuidor, etc. Librairie Théatrale,
Fecha de publicación, distribución, etc. 1900.
300 ## - DESCRIPCIÓN FÍSICA
Extensión 52 p. ;
Dimensiones 19 cm.
650 14 - PUNTO DE ACCESO ADICIONAL DE MATERIA--TÉRMINO DE MATERIA
Término de materia o nombre geográfico como elemento de entrada Óperas-
Subdivisión de forma Libretos.
9 (RLIN) 137584
700 1# - ENTRADA AGREGADA--NOMBRE PERSONAL
Nombre de persona Méhul, Etienne-Nicolas.
9 (RLIN) 79822
852 ## - LOCALIZACIÓN
Ubicación ES-MaACL
Número de control de estantería 2245-F-8
itemnumber R.140908
Nota libre .- Biblioteca Jacinto Martínez Lacalle
Holdings
Estatus retirado Estado de pérdida Estado de daño No para préstamo Colección Biblioteca de origen Biblioteca actual Ubicación en estantería Fecha de adquisición Fuente de adquisición Total de préstamos Signatura topográfica completa Código de barras Visto por última vez Precio de reemplazo Tipo de ítem Koha
        Colección de folletos Biblioteca del Ateneo de Madrid Biblioteca del Ateneo de Madrid Depósito folletos 17/12/2008     2245-F-8 1178386 23/02/2023 23/02/2023 Folleto